000 01337nam a2200385 i 4500
001 8414
003 KOSZ 005
005 20201007083642.0
008 071102s1967 pl a f 000 0 pol
015 _aPB 1967/2762
040 _aWA N
_cWA N
_dKOSZ 005/ID
046 _k1967
080 _a621.313
100 1 _aZembrzuski, Jan
_eAutor
245 1 0 _aUzwojenia silników indukcyjnych /
_cJan Zembrzuski, Zbigniew Kratochwil.
250 _aWyd. 2 zm.
260 _aWarszawa :
_bWydawnictwa Naukowo-Techniczne,
_cdr. 1967.
300 _a314, [4] s. :
_bil. ;
_c23 cm.
336 _2rdacontent
_aTekst
_btxt
337 _2rdamedia
_aBez urządzenia pośredniczącego
_bn
338 _2rdacarrier
_aWolumin
_bNc
380 _aKsiążki
388 _a1901-2000
388 _a1945-1989
500 _aWyd. 1 pod hasłem : Kratochwil Z., Zembrzuski, J.
504 _aBibliogr. s.[317].
521 8 _aDla techników, inżynierów i studentów.
650 4 _aSilniki asynchroniczne
650 4 _aBudowa i konstrukcje
658 _aInżynieria i technika
700 1 _aKratochwil, Zbigniew
_d(1913-2002)
_eAutor
710 2 _aWydawnictwa Naukowo-Techniczne
_4pbl.
856 _uhttp://koha.tu.koszalin.pl/cgi-bin/koha/opac-detail.pl?biblionumber=8414
_yKatalog online BPK
942 _2UKD
_cKS
999 _c8414
_d8414